Technologie zpracování dat Distribuované zpracování dat a zpracování textů
Na minha lista:
| Autor principal: | |
|---|---|
| Autor Corporativo: | |
| Outros Autores: | , |
| Formato: | Livro |
| Idioma: | tcheco |
| Publicado em: |
Praha
Státní pedagogické nakladatelství
1990
|
| Edição: | 1. vyd. |
| Tags: |
Sem tags, seja o primeiro a adicionar uma tag!
|
MARC
| LEADER | 00000nam a2200000 4500 | ||
|---|---|---|---|
| 001 | c024149 | ||
| 005 | 20221215120834.7 | ||
| 041 | 0 | |a cze | |
| 044 | |a CZ | ||
| 245 | 1 | 0 | |a Technologie zpracování dat |b Distribuované zpracování dat a zpracování textů |c Zuzana Šedivá, Jaroslav Jandoš, Stanislav Horný |
| 250 | |a 1. vyd. | ||
| 264 | 1 | |a Praha |b Státní pedagogické nakladatelství |c 1990 | |
| 300 | |a 158 s. | ||
| 100 | 1 | |a Šedivá, Zuzana | |
| 700 | 1 | |a Jandoš, Jaroslav | |
| 700 | 1 | |a Horný, Stanislav | |
| 710 | 2 | |a Vysoká škola ekonomická v Praze. Fakulta řízení | |